Horse cents / (Record no. 2940)

MARC details
000 -LEADER
fixed length control field 01014cam a2200301 a 4500
001 - CONTROL NUMBER
control field 12216798
003 - CONTROL NUMBER IDENTIFIER
control field GBCCL
005 - DATE AND TIME OF LATEST TRANSACTION
control field 20241126110443.0
008 - FIXED-LENGTH DATA ELEMENTS--GENERAL INFORMATION
fixed length control field 001031s2000 mou c 000 1 eng
010 ## -
-- 00012227
020 ## - INTERNATIONAL STANDARD BOOK NUMBER
International Standard Book Number 0570070074
040 ## - CATALOGING SOURCE
Original cataloging agency DLC
Transcribing agency DLC
042 ## -
-- lcac
050 00 -
-- PZ7.M1905
-- Hnk 2000
082 00 - DEWEY DECIMAL CLASSIFICATION NUMBER
Classification number 813.54
Edition information 21
Item number MAC
100 1# - MAIN ENTRY--PERSONAL NAME
Personal name Mackall, Dandi Daley.
9 (RLIN) 6130
245 10 - TITLE STATEMENT
Title Horse cents /
Statement of responsibility, etc. Dandi Daley Mackall.
260 ## - PUBLICATION, DISTRIBUTION, ETC.
Place of publication, distribution, etc. St. Louis, MO :
Name of publisher, distributor, etc. Concordia Pub. House,
Date of publication, distribution, etc. c2000.
300 ## - PHYSICAL DESCRIPTION
Extent 191 p. ;
Dimensions 17 cm.
490 1# - SERIES STATEMENT
Series statement Horsefeathers
520 ## - SUMMARY, ETC.
Summary, etc. A wayward and difficult horse named Ham threatens the peace at Scoop's horse farm.
650 #1 - SUBJECT ADDED ENTRY--TOPICAL TERM
Topical term or geographic name entry element Horses
Form subdivision Fiction.
9 (RLIN) 6138
650 #1 - SUBJECT ADDED ENTRY--TOPICAL TERM
Topical term or geographic name entry element Christian life
Form subdivision Fiction.
9 (RLIN) 533
800 1# -
-- Mackall, Dandi Daley.
-- Horsefeathers.
-- 6135
906 ## - LOCAL DATA ELEMENT F, LDF (RLIN)
a 7
b cbc
c orignew
d 1
e ecip
f 20
g y-gencatlg
942 ## - ADDED ENTRY ELEMENTS (KOHA)
Source of classification or shelving scheme Dewey Decimal Classification
Koha item type Books
Holdings
Withdrawn status Lost status Source of classification or shelving scheme Damaged status Not for loan Home library Current Library Shelving location Date acquired Total checkouts Full call number Barcode Date last seen Copy number Price effective from Koha item type
    Dewey Decimal Classification     GRACE BIBLE COLLEGE GRACE BIBLE COLLEGE General Studies 2017-10-10   813.54 MAC 010041 2025-05-01 c.1 2017-10-10 Books
© Grace Bible College Library 2025